000 00555cas a22001815a 4500
001 L138830
008 070713d1975 xxkfr p 0 a0eng u
035 _a(Sirsi) u138830
041 0 _aeng
110 2 _aCommonwealth Association of Surveying and Land Economy
_92570
245 0 0 _aCommonwealth Surveying and Land Economy
260 _aLondon
_bCASLE
_c1975-
362 0 _a(7) July 1978-(28) September 1989
554 _aTwo per year
651 4 _aInternational
690 _aENVIRONMENTAL AND LAND CONSULTANCY-GEOMATICS-LAND SURVEYING
942 _n0
999 _c119046
_d119046